Zlepšovacie návrhy ako prostriedok rozvoja ľudského kapitálu
Systém Kaizen predstavuje prístup neustáleho zlepšovania v podnikoch zameraný na využívanie potenciálu ľudského kapitálu v podniku. Pracovníci sú nositeľmi a spolutvorcami hodnôt podniku a ich výkonnosť prispieva k zvyšovaniu efektívnosti podniku. Súčasťou systému Kaizen sú aj motivačné nástroje, pr...
Salvato in:
| Autore principale: | |
|---|---|
| Natura: | Capitolo di libro |
| Lingua: | slovacco |
| Soggetti: | |
| Tags: |
Nessun Tag, puoi essere il primo ad aggiungerne!!
|
MARC
| LEADER | 00000nla$a2200000$$$4500 | ||
|---|---|---|---|
| 001 | 0123366 | ||
| 005 | 20221019095231.0 | ||
| 041 | 0 | |a slo | |
| 044 | |a SK | ||
| 245 | 1 | 0 | |a Zlepšovacie návrhy ako prostriedok rozvoja ľudského kapitálu |c Katarína Teplická |
| 520 | |a Systém Kaizen predstavuje prístup neustáleho zlepšovania v podnikoch zameraný na využívanie potenciálu ľudského kapitálu v podniku. Pracovníci sú nositeľmi a spolutvorcami hodnôt podniku a ich výkonnosť prispieva k zvyšovaniu efektívnosti podniku. Súčasťou systému Kaizen sú aj motivačné nástroje, prostredníctvom ktorých podnik zvyšuje kvalitu ľudského kapitálu a úroveň vzdelania pracovníkov, ktorí sa podieľajú na tvorbe pridanej hodnoty. Zlepšovacie návrhy a systém ich riadenia, posudzovania a realizácie je súčasťou systému Kaizen a prispieva k rozvoju ľudského kapitálu. | ||
| 610 | 2 | 0 | |a kaizen |
| 610 | 2 | 0 | |a návrhy zlepšovacie |
| 610 | 2 | 0 | |a rozvoj pracovníkov |
| 100 | 1 | |a Teplická, Katarína | |